[Event "Tuzla op 16th"]
[Site "Tuzla"]
[Date "2022.11.26"]
[Round "5"]
[White "Jovovic, Milan"]
[Black "Sinanovic, Ermin"]
[Result "1-0"]
[WhiteElo "2022"]
[BlackElo "2127"]
[PlyCount "57"]
[EventDate "2022.11.24"]
[EventType "swiss"]
[EventRounds "7"]
[EventCountry "BIH"]
[SourceTitle "CBM 211 Extra"]
[Source "ChessBase"]
[SourceDate "2023.01.31"]
[SourceVersion "1"]
[SourceVersionDate "2023.01.31"]
[SourceQuality "1"]

1. d4 g6 2. Bf4 Bg7 3. e3 d6 4. h4 h6 5. Nf3 Nd7 6. Nc3 Ngf6 7. Be2 0-0 8. Qd2 Re8 9. e4 Ng4 10. Nh2 e5 11. Nxg4 exf4 12. Qxf4 Kh7 13. 0-0-0 Nf6 14. Nxf6+ Qxf6 15. Qxf6 Bxf6 16. f4 Kg7 17. Bf3 c6 18. g4 g5 19. hxg5 hxg5 20. f5 Bd8 21. Rh5 Bf6 22. Rhh1 Bd8 23. Ne2 b5 24. e5 Bb7 25. f6+ Kg8 26. Rh5 dxe5 27. Rxg5+ Kf8 28. dxe5 Re6 29. Rh5 1-0

[Event "BIH-ch 12th"]
[Site "Lukavac"]
[Date "2018.12.14"]
[Round "3"]
[White "Zenelaj, Samuel"]
[Black "Sinanovic, Ermin"]
[Result "0-1"]
[WhiteElo "1927"]
[BlackElo "2149"]
[PlyCount "88"]
[EventDate "2018.12.13"]
[EventType "swiss"]
[EventRounds "7"]
[EventCountry "BIH"]
[SourceTitle "CBM 187 Extra"]
[Source "ChessBase"]
[SourceDate "2018.11.04"]
[SourceVersion "1"]
[SourceVersionDate "2018.11.04"]
[SourceQuality "1"]

1. c4 Nf6 2. Nc3 e6 3. d4 c5 4. Nf3 cxd4 5. Nxd4 d6 6. Bg5 a6 7. e3 Be7 8. Bd3 0-0 9. 0-0 Nbd7 10. Rc1 Ne5 11. Bb1 h6 12. Bxf6 Bxf6 13. Qc2 g6 14. Ne4 Be7 15. Rfd1 Qc7 16. Qe2 b6 17. f4 Nc6 18. Nb5 axb5 19. cxb5 d5 20. Rxc6 Qb8 21. Nf2 Bd7 22. Rcc1 Ra5 23. Bd3 Rxa2 24. Ng4 Kg7 25. Ne5 Qd6 26. Qg4 g5 27. Bc4 Rxb2 28. Nxd7 f5 29. Qg3 Qxd7 30. fxg5 hxg5 31. Bxd5 exd5 32. Rc7 Qe6 33. Qxg5+ Kf7 34. Rxd5 Rxg2+ 35. Qxg2 Rg8 36. Rxf5+ Ke8 37. Rc8+ Bd8 38. Rf8+ Rxf8 39. Qc6+ Qxc6 40. bxc6 Rf7 41. h4 Rc7 42. Rb8 Rxc6 43. Kg2 Rh6 44. Kg3 Kd7 0-1

[Event "BIH-chT1"]
[Site "Bosanska Krupa"]
[Date "2018.08.26"]
[Round "2"]
[White "Arnaut, Armin"]
[Black "Sinanovic, Ermin"]
[Result "0-1"]
[WhiteElo "2070"]
[BlackElo "2155"]
[PlyCount "66"]
[EventDate "2018.08.25"]
[EventType "tourn"]
[EventRounds "9"]
[EventCountry "BIH"]
[SourceTitle "CBM 186 Extra"]
[Source "ChessBase"]
[SourceDate "2018.08.24"]
[SourceVersion "1"]
[SourceVersionDate "2018.08.24"]
[SourceQuality "1"]

1. e4 c5 2. Nc3 d6 3. f4 g6 4. Nf3 Bg7 5. Bb5+ Bd7 6. Bc4 Nc6 7. 0-0 Nh6 8. h3 Nd4 9. Nxd4 cxd4 10. Ne2 Rc8 11. d3 e6 12. Qe1 0-0 13. Qb4 b5 14. Bb3 a5 15. Qe1 a4 16. f5 gxf5 17. Qg3 Kh8 18. exf5 Nxf5 19. Rxf5 exf5 20. Bd5 Rxc2 21. Nf4 Be5 22. Qf3 Qe7 23. b3 Rfc8 24. Ba3 Qg5 25. Ne2 Qd2 26. Kf1 b4 27. Bc1 Rxc1+ 28. Rxc1 Rxc1+ 29. Nxc1 Qxc1+ 30. Kf2 Qe3+ 31. Qxe3 dxe3+ 32. Kxe3 axb3 33. axb3 Be6 0-1

[Event "EU-ch U18 27th"]
[Site "Mamaia"]
[Date "2017.09.14"]
[Round "9"]
[White "Haring, Viktor"]
[Black "Sinanovic, Ermin"]
[Result "1-0"]
[WhiteElo "2297"]
[BlackElo "2065"]
[PlyCount "61"]
[EventDate "2017.09.05"]
[EventType "swiss"]
[EventRounds "9"]
[EventCountry "ROU"]
[SourceTitle "EXT 2018"]
[Source "ChessBase"]
[SourceDate "2017.10.13"]
[SourceVersion "1"]
[SourceVersionDate "2017.10.13"]
[SourceQuality "1"]

1. e4 c5 2. Nf3 d6 3. d4 cxd4 4. Nxd4 Nf6 5. Nc3 a6 6. Be3 e5 7. Nb3 Be7 8. f3 Be6 9. Qd2 0-0 10. 0-0-0 a5 11. Bb5 Bd7 12. a4 Nc6 13. Qf2 Qc8 14. Kb1 Nb4 15. g4 Bxb5 16. Nxb5 Ra6 17. g5 Nd7 18. c3 Nc6 19. Nxd6 Bxd6 20. Rxd6 Ncb8 21. Rd5 Qc4 22. Nc5 Nxc5 23. Bxc5 Re8 24. Qc2 Rg6 25. h4 h6 26. gxh6 Rxh6 27. h5 Kh7 28. Be3 Rf6 29. Qg2 Qc7 30. Rg1 Rg8 31. Bg5 1-0

[Event "Sarajevo Bosna op 47th"]
[Site "Sarajevo"]
[Date "2017.05.16"]
[Round "5"]
[White "Sinanovic, Ermin"]
[Black "Mrndjic, Muamer"]
[Result "1-0"]
[WhiteElo "1973"]
[BlackElo "2199"]
[PlyCount "99"]
[EventDate "2017.05.13"]
[EventType "swiss"]
[EventRounds "9"]
[EventCountry "BIH"]
[SourceTitle "CBM 178 Extra"]
[Source "ChessBase"]
[SourceDate "2017.06.22"]
[SourceVersion "1"]
[SourceVersionDate "2017.06.22"]
[SourceQuality "1"]

1. d4 d5 2. Nf3 Nf6 3. c4 e6 4. Nc3 Be7 5. Bg5 h6 6. Bh4 0-0 7. e3 a6 8. Rc1 Nbd7 9. cxd5 exd5 10. Bd3 b6 11. Ne5 Bb7 12. f4 c5 13. 0-0 c4 14. Bf5 b5 15. a3 Nb6 16. g4 g6 17. g5 Ne8 18. Bxg6 fxg6 19. Qc2 Ng7 20. Qxg6 Qd6 21. gxh6 Qxg6+ 22. Nxg6 Bxh4 23. hxg7 Rfe8 24. Nxh4 Rxe3 25. Rce1 Rae8 26. Rxe3 Rxe3 27. Nf5 Re6 28. Rf3 Rf6 29. Ng3 Rf7 30. f5 Kxg7 31. Re3 Nd7 32. Kg2 Nf6 33. Kf3 Bc6 34. Re6 Rc7 35. Kf4 a5 36. Ke5 b4 37. Rxf6 bxc3 38. Rg6+ Kf7 39. Rf6+ Ke7 40. bxc3 Be8 41. Re6+ Kf8 42. f6 Rb7 43. Nf5 Rb3 44. Nd6 Bh5 45. f7 Bxf7 46. Rf6 Rxc3 47. Rxf7+ Kg8 48. Kxd5 Rxa3 49. Kxc4 Ra2 50. Rf1 1-0

[Event "Sarajevo Bosna op 47th"]
[Site "Sarajevo"]
[Date "2017.05.16"]
[Round "6"]
[White "Strinic, Halid"]
[Black "Sinanovic, Ermin"]
[Result "0-1"]
[WhiteElo "2122"]
[BlackElo "1973"]
[PlyCount "84"]
[EventDate "2017.05.13"]
[EventType "swiss"]
[EventRounds "9"]
[EventCountry "BIH"]
[SourceTitle "CBM 178 Extra"]
[Source "ChessBase"]
[SourceDate "2017.06.22"]
[SourceVersion "1"]
[SourceVersionDate "2017.06.22"]
[SourceQuality "1"]

1. c4 Nf6 2. Nc3 e6 3. d4 Bb4 4. Qc2 c5 5. e3 d5 6. a3 Bxc3+ 7. bxc3 0-0 8. Nf3 b6 9. cxd5 Qxd5 10. Be2 Bb7 11. 0-0 Nc6 12. Rd1 c4 13. a4 Rfe8 14. Ne1 Na5 15. f3 Rac8 16. e4 Qc6 17. Be3 h6 18. Bf1 Qd7 19. Ra2 Red8 20. g4 Nh7 21. Qg2 Bc6 22. h4 Bxa4 23. Rdd2 Bb3 24. Ra1 Nc6 25. g5 Kh8 26. d5 exd5 27. exd5 Ne7 28. d6 Nf5 29. Bf4 Rc5 30. Qh2 Qb7 31. Bh3 Nxh4 32. Be3 Nxf3+ 33. Nxf3 Qxf3 34. Bxc5 Nxg5 35. Bg2 Qg4 36. Rf1 bxc5 37. Qe5 Qc8 38. Rd5 Qd7 39. Qe7 Kg8 40. Rxg5 hxg5 41. Bd5 Qxd6 42. Rxf7 Qxe7 0-1

[Event "Sarajevo Bosna op 47th"]
[Site "Sarajevo"]
[Date "2017.05.13"]
[Round "1"]
[White "Sinanovic, Ermin"]
[Black "Drazic, Sinisa"]
[Result "0-1"]
[WhiteElo "1973"]
[BlackElo "2427"]
[PlyCount "56"]
[EventDate "2017.05.13"]
[EventType "swiss"]
[EventRounds "9"]
[EventCountry "BIH"]
[SourceTitle "CBM 178 Extra"]
[Source "ChessBase"]
[SourceDate "2017.06.22"]
[SourceVersion "1"]
[SourceVersionDate "2017.06.22"]
[SourceQuality "1"]

1. e4 d6 2. d4 Nf6 3. Nc3 g6 4. Be3 c6 5. f3 b5 6. a4 b4 7. Na2 a5 8. c4 Nbd7 9. Bd3 c5 10. Ne2 Bg7 11. Nac1 0-0 12. Nb3 Qc7 13. 0-0 Bb7 14. Qd2 Rfe8 15. Rfd1 Rac8 16. d5 Ne5 17. Ng3 Nxd3 18. Qxd3 Nd7 19. Qe2 e6 20. dxe6 fxe6 21. Bf4 Ne5 22. h4 Rf8 23. Be3 h5 24. Nd2 Ba6 25. b3 d5 26. Ngf1 dxc4 27. bxc4 Nc6 28. Rac1 Nd4 0-1

[Event "Lukavac op 5th"]
[Site "Lukavac"]
[Date "2016.11.27"]
[Round "7"]
[White "Sinanovic, Ermin"]
[Black "Sitnic, Adnan"]
[Result "1/2-1/2"]
[WhiteElo "2016"]
[BlackElo "2247"]
[PlyCount "86"]
[EventDate "2016.11.24"]
[EventType "swiss"]
[EventRounds "7"]
[EventCountry "BIH"]
[SourceTitle "EXT 2019"]
[Source "ChessBase"]
[SourceDate "2018.10.10"]
[SourceVersion "1"]
[SourceVersionDate "2018.10.10"]
[SourceQuality "1"]

1. e4 Nc6 2. d4 e5 3. d5 Nce7 4. Nc3 Ng6 5. Be3 Nf6 6. g3 Bb4 7. Bg2 Bxc3+ 8. bxc3 d6 9. h3 b6 10. Qd3 0-0 11. Ne2 Nxe4 12. Qxe4 f5 13. Qc4 f4 14. gxf4 exf4 15. Nxf4 Nxf4 16. Bf1 Ng6 17. Be2 Bf5 18. 0-0-0 Qh4 19. Rd4 Qe7 20. Bg4 Ne5 21. Qe2 Bxg4 22. hxg4 Nf3 23. Qd3 g6 24. Re4 Ne5 25. Qe2 Qf7 26. f4 Qxd5 27. Bd4 Nc6 28. f5 Nxd4 29. Qh2 Qf7 30. Rxd4 gxf5 31. Rf4 Kh8 32. Rxf5 Qg7 33. Rh5 Rf7 34. g5 Raf8 35. Kb2 Qg6 36. Qg3 Re7 37. Rh6 Qf5 38. a4 Re2 39. Rxh7+ Kg8 40. Rh8+ Kg7 41. R8h7+ Kg8 42. Rh8+ Kg7 43. R8h7+ Kg8 1/2-1/2

[Event "EU-ch U18 26th"]
[Site "Prague"]
[Date "2016.08.20"]
[Round "3"]
[White "Pulpan, Jakub"]
[Black "Sinanovic, Ermin"]
[Result "1-0"]
[WhiteElo "2321"]
[BlackElo "2175"]
[PlyCount "67"]
[EventDate "2016.08.18"]
[EventType "swiss"]
[EventRounds "9"]
[EventCountry "CZE"]
[SourceTitle "CBM 174 Extra"]
[Source "ChessBase"]
[SourceDate "2016.10.10"]
[SourceVersion "1"]
[SourceVersionDate "2016.10.10"]
[SourceQuality "1"]

1. e4 c5 2. Nf3 d6 3. d4 cxd4 4. Nxd4 Nf6 5. Nc3 g6 6. Be3 Bg7 7. f3 0-0 8. Qd2 Nc6 9. 0-0-0 Bd7 10. Kb1 Rc8 11. g4 Ne5 12. h4 h5 13. gxh5 Nxh5 14. Rg1 Rxc3 15. Qxc3 Nxf3 16. Rg2 Nxh4 17. Rf2 Bg4 18. Be2 Bxe2 19. Rxe2 Ng3 20. Rh2 Nf3 21. Rg2 Nxe4 22. Qd3 Nc5 23. Qc4 Ne5 24. Qe2 Qb6 25. Rh2 Qb4 26. a3 Qb6 27. Rdh1 Rc8 28. Bh6 Na4 29. Nb3 f5 30. Qd2 Qc6 31. Bxg7 Kxg7 32. Qg5 Nf7 33. Qxe7 Kg8 34. Qf6 1-0

[Event "Sarajevo Bosna op 46th"]
[Site "Sarajevo"]
[Date "2016.06.02"]
[Round "8"]
[White "Sinanovic, Ermin"]
[Black "Sutkovic, Damir"]
[Result "1/2-1/2"]
[WhiteElo "2153"]
[BlackElo "2316"]
[PlyCount "63"]
[EventDate "2016.05.28"]
[EventType "swiss"]
[EventRounds "9"]
[EventCountry "BIH"]
[SourceTitle "EXT 2019"]
[Source "ChessBase"]
[SourceDate "2018.10.10"]
[SourceVersion "1"]
[SourceVersionDate "2018.10.10"]
[SourceQuality "1"]

1. d4 Nf6 2. c4 e6 3. Nc3 d5 4. Bg5 Be7 5. Nf3 0-0 6. e3 h6 7. Bh4 b6 8. cxd5 exd5 9. Bd3 Bb7 10. 0-0 Nbd7 11. Qc2 c5 12. Bf5 Re8 13. Bg3 Nh5 14. Be5 Nxe5 15. Nxe5 Nf6 16. f4 a6 17. g4 Bd6 18. Qg2 Qe7 19. Rf3 Ne4 20. Rh3 cxd4 21. exd4 Bxe5 22. fxe5 Ng5 23. Rg3 Ne6 24. Bxe6 fxe6 25. g5 h5 26. Rf3 Rf8 27. Raf1 Rxf3 28. Rxf3 Rf8 29. h4 Bc6 30. a3 Rxf3 31. Qxf3 Be8 32. Qf1 1/2-1/2

[Event "Sarajevo Bosna op 46th"]
[Site "Sarajevo"]
[Date "2016.05.28"]
[Round "1"]
[White "Krug, Franz Dieter"]
[Black "Sinanovic, Ermin"]
[Result "0-1"]
[WhiteElo "1680"]
[BlackElo "2153"]
[PlyCount "68"]
[EventDate "2016.05.28"]
[EventType "swiss"]
[EventRounds "9"]
[EventCountry "BIH"]
[SourceTitle "EXT 2019"]
[Source "ChessBase"]
[SourceDate "2018.10.10"]
[SourceVersion "1"]
[SourceVersionDate "2018.10.10"]
[SourceQuality "1"]

1. d4 Nf6 2. c4 e5 3. e3 exd4 4. exd4 Bb4+ 5. Bd2 Bxd2+ 6. Nxd2 0-0 7. Bd3 d5 8. Ne2 Nc6 9. c5 Re8 10. 0-0 Bg4 11. f3 Bh5 12. Nf4 Nxd4 13. Nxh5 Nxh5 14. Nb3 Ne6 15. Qc2 h6 16. Rae1 c6 17. Bf5 Qf6 18. g3 Nd4 19. Nxd4 Qxd4+ 20. Qf2 Qf6 21. Bg4 Qg5 22. h4 Qg6 23. Kh2 Nf6 24. Bh3 Qd3 25. Rxe8+ Rxe8 26. Re1 Rxe1 27. Qxe1 Qxf3 28. Bg2 Ng4+ 29. Kh3 Qf5 30. Qe2 h5 31. Bf3 Ne5+ 32. Kg2 Qxf3+ 33. Qxf3 Nxf3 34. Kxf3 f6 0-1

[Event "BIH-ch"]
[Site "Lukavac"]
[Date "2016.04.03"]
[Round "6"]
[White "Sinanovic, Ermin"]
[Black "Atlic, Mirza"]
[Result "1-0"]
[WhiteElo "2118"]
[BlackElo "1960"]
[PlyCount "57"]
[EventDate "2016.03.31"]
[EventType "swiss"]
[EventRounds "7"]
[EventCountry "BIH"]
[SourceTitle "CBM 171 Extra"]
[Source "ChessBase"]
[SourceDate "2016.04.26"]
[SourceVersion "1"]
[SourceVersionDate "2016.04.26"]
[SourceQuality "1"]

1. d4 Nf6 2. c4 g6 3. Nc3 Bg7 4. e4 d6 5. f3 0-0 6. Be3 e5 7. Nge2 exd4 8. Nxd4 Nc6 9. Qd2 Nxd4 10. Bxd4 Be6 11. 0-0-0 a6 12. g4 b5 13. h4 c5 14. Be3 h5 15. Be2 Qa5 16. Rdg1 Bxc4 17. Bxc4 bxc4 18. Bh6 Rab8 19. gxh5 Nxh5 20. Bxg7 Kxg7 21. Rg5 Qd8 22. Rhg1 Rh8 23. Nd5 Kf8 24. f4 Rg8 25. f5 Nf6 26. fxg6 Nxd5 27. Qxd5 Qf6 28. e5 dxe5 29. g7+ 1-0

[Event "BIH-ch"]
[Site "Lukavac"]
[Date "2016.04.02"]
[Round "4"]
[White "Sinanovic, Ermin"]
[Black "Mrndjic, Muamer"]
[Result "0-1"]
[WhiteElo "2118"]
[BlackElo "2261"]
[PlyCount "98"]
[EventDate "2016.03.31"]
[EventType "swiss"]
[EventRounds "7"]
[EventCountry "BIH"]
[SourceTitle "CBM 171 Extra"]
[Source "ChessBase"]
[SourceDate "2016.04.26"]
[SourceVersion "1"]
[SourceVersionDate "2016.04.26"]
[SourceQuality "1"]

1. e4 c5 2. Nf3 d6 3. d4 cxd4 4. Nxd4 Nf6 5. Nc3 a6 6. Be2 e6 7. 0-0 Be7 8. Be3 0-0 9. f4 Qc7 10. Bf3 Nc6 11. g4 Nxd4 12. Bxd4 e5 13. Be3 exf4 14. Bxf4 Be6 15. Kh1 Rac8 16. Re1 Nd7 17. Nd5 Bxd5 18. exd5 Bf6 19. c3 Rfe8 20. Qd2 Be5 21. Bg5 Nb6 22. Re2 Nc4 23. Qc2 h6 24. Bd2 Bf6 25. Rae1 Rxe2 26. Rxe2 Ne5 27. Qf5 Bg5 28. Rxe5 dxe5 29. Bxg5 hxg5 30. d6 Qc4 31. Kg2 Rd8 32. Qxe5 Qf4 33. Qxf4 gxf4 34. Bxb7 Rxd6 35. h4 Rb6 36. Bd5 Rxb2+ 37. Kf3 Rc2 38. Kxf4 Rxc3 39. h5 Rh3 40. Bb3 Kf8 41. Ke5 Ke7 42. Kf5 a5 43. Kg5 Rc3 44. Kh4 f6 45. g5 a4 46. Bg8 Rc8 47. Bd5 fxg5+ 48. Kg4 Kf6 49. Be4 Rc4 0-1

[Event "BIH-ch"]
[Site "Lukavac"]
[Date "2016.04.01"]
[Round "2"]
[White "Sinanovic, Ermin"]
[Black "Vajic, Goran"]
[Result "1/2-1/2"]
[WhiteElo "2118"]
[BlackElo "2306"]
[PlyCount "127"]
[EventDate "2016.03.31"]
[EventType "swiss"]
[EventRounds "7"]
[EventCountry "BIH"]
[SourceTitle "CBM 171 Extra"]
[Source "ChessBase"]
[SourceDate "2016.04.26"]
[SourceVersion "1"]
[SourceVersionDate "2016.04.26"]
[SourceQuality "1"]

1. f4 d5 2. Nf3 Nc6 3. b3 Bg4 4. e3 e5 5. Be2 exf4 6. 0-0 Nf6 7. Nd4 Bd7 8. Nc3 Nxd4 9. exd4 Bd6 10. d3 0-0 11. Bxf4 Bxf4 12. Rxf4 Qe7 13. Qd2 Rae8 14. Re1 Qd6 15. Rff1 Re7 16. Rf4 Rfe8 17. Ref1 b5 18. a3 a5 19. Bd1 b4 20. axb4 axb4 21. Na4 Bxa4 22. bxa4 Rb8 23. Qf2 Ra8 24. g4 h6 25. h4 Qe6 26. Rf5 c6 27. g5 hxg5 28. hxg5 Nh7 29. Qf4 Qe3+ 30. Qxe3 Rxe3 31. Rxf7 Rg3+ 32. Kh2 Rxg5 33. Rb7 Nf6 34. Rg1 Rxg1 35. Kxg1 Rxa4 36. Kf2 Ra1 37. Bf3 Rc1 38. Rxb4 Rxc2+ 39. Ke3 g5 40. Rb1 Kf7 41. Bd1 Rh2 42. Ba4 Nh5 43. Rf1+ Nf4 44. Bxc6 Ke6 45. Rxf4 gxf4+ 46. Kxf4 Kd6 47. Be8 Re2 48. Bb5 Re7 49. Ba4 Ra7 50. Bd1 Ra1 51. Bf3 Re1 52. Bg4 Ra1 53. Ke3 Ra8 54. Kf4 Rf8+ 55. Bf5 Rf7 56. Kg5 Kc6 57. Kf4 Re7 58. Bh3 Rb7 59. Be6 Rg7 60. Bf5 Rg1 61. Bh3 Rh1 62. Bg2 Rh2 63. Bf3 Rh4+ 64. Ke5 1/2-1/2

[Event "BIH-ch"]
[Site "Lukavac"]
[Date "2016.03.31"]
[Round "1"]
[White "Abdic, Husnija"]
[Black "Sinanovic, Ermin"]
[Result "0-1"]
[WhiteElo "1757"]
[BlackElo "2118"]
[PlyCount "56"]
[EventDate "2016.03.31"]
[EventType "swiss"]
[EventRounds "7"]
[EventCountry "BIH"]
[SourceTitle "CBM 171 Extra"]
[Source "ChessBase"]
[SourceDate "2016.04.26"]
[SourceVersion "1"]
[SourceVersionDate "2016.04.26"]
[SourceQuality "1"]

1. d4 Nf6 2. c4 e5 3. dxe5 Ng4 4. Nf3 Bc5 5. e3 Nc6 6. Be2 Ngxe5 7. Nc3 0-0 8. a3 d6 9. b4 Bb6 10. Nd5 Nxf3+ 11. Bxf3 Ne5 12. Be2 Re8 13. Nxb6 axb6 14. Bb2 Qg5 15. Kf1 Bg4 16. h4 Qf5 17. Rc1 Bxe2+ 18. Qxe2 Nd3 19. Qc2 Rxe3 20. Kg1 Re4 21. Rh3 Nxc1 22. Qxc1 Rae8 23. Bc3 Rxc4 24. Rg3 f6 25. h5 Re2 26. Rf3 Qe5 27. Rg3 d5 28. Qa1 d4 0-1

[Event "BIH-chT1A 22nd"]
[Site "Tuzla"]
[Date "2015.10.20"]
[Round "8.3"]
[White "Hamzagic, Abdel"]
[Black "Sinanovic, Ermin"]
[Result "0-1"]
[WhiteElo "2060"]
[BlackElo "2122"]
[PlyCount "88"]
[EventDate "2015.10.16"]
[EventType "tourn"]
[EventRounds "9"]
[EventCountry "BIH"]
[SourceTitle "CBM 169 Extra"]
[Source "ChessBase"]
[SourceDate "2015.12.18"]
[SourceVersion "1"]
[SourceVersionDate "2015.12.18"]
[SourceQuality "1"]

1. c4 Nf6 2. Nf3 b6 3. g3 Bb7 4. Bg2 e6 5. Nc3 d5 6. d4 Be7 7. 0-0 0-0 8. Ne5 c6 9. cxd5 cxd5 10. Bf4 Nbd7 11. Rc1 a6 12. Na4 Rc8 13. Qb3 b5 14. Nd3 Rc4 15. Nac5 Nxc5 16. Nxc5 Bc8 17. Qd3 Qb6 18. b3 Rxc1 19. Rxc1 Bd6 20. Bd2 e5 21. e3 e4 22. Qc3 Qd8 23. Qa5 Bc7 24. Qc3 Bd6 25. a4 Ng4 26. h3 b4 27. Qxb4 Nxf2 28. Kxf2 Qg5 29. Kf1 Qxg3 30. Be1 Qh2 31. Qd2 f5 32. Bf2 f4 33. Nxe4 dxe4 34. Bxe4 Bxh3+ 35. Ke1 fxe3 36. Qxe3 Bf4 37. Qf3 Bd2+ 38. Kxd2 Rxf3 39. Bxf3 Qxf2+ 40. Be2 Qxd4+ 41. Bd3 Bf5 42. Rf1 g6 43. Rf3 Kg7 44. Ke2 Bg4 0-1